Szczegóły MARC21

Aider les élèves à apprendre /

005 -DATA I CZAS OSTATNIEJ MODYFIKACJI [,]
    • @
    • pole kontrolne
    • 20101104120450.0
020 -Międzynarod. znormalizowany nr książki - ISBN [ , ]
    • a
    • Numer ISBN
    • 201170670X Find
040 -Instytucja sporządzająca opis [ , ]
    • a
    • Instytucja, która sporządziła opis (NP)
    • SZCZ U/IJ
    • c
    • Instytucja, która sporządziła rekord (NP)
    • SZCZ U/IJ
    • d
    • Instytucja, która zmodyfikowała rekord (P)
    • SZCZ U/MC
041 -Język dokumentu [0, ]
    • a
    • Język tekstu (P)
    • francuski
044 -Kraj miejsca wydania [ , ]
    • a
    • Kraj miejsca wydania
    • Francja
942 -Rodzaj dokumentu [ , ]
    • c
    • Rodzaj dokumentu
    • Książka
100 -Hasło główne - nazwa osobowa [1, ]
    • 9
    • KHW
    • 18525
    • a
    • Nazwa osobowa (NP)
    • Vecchi, Gérard de
    • d
    • Daty biograficzne (NP)
    • (1941- ).
245 -Strefa tytułu i oznaczenia odpowiedzialności [1,0]
    • a
    • Tytuł
    • Aider les élèves à apprendre / Find
    • c
    • Pozostałe elementy strefy tytułu i oznaczenia odpowiedzialności (NP)
    • Gérard de Vecchi.
250 -Strefa wydania [ , ]
    • a
    • Oznaczenie wydania (NP)
    • Nouv. éd.
260 -Strefa adresu wydawniczego [ , ]
    • a
    • Miejsce wydania (P)
    • Paris
    • b
    • Nazwa wydawcy (P)
    • Hachette Éducation,
    • c
    • Data wydania (P)
    • cop. 2000.
300 -Strefa opisu fizycznego [ , ]
    • a
    • Określenie formy książki i/lub objętość (NP)
    • 237 s. :
    • b
    • Oznaczenie ilustracji (NP)
    • il. ;
    • c
    • Format (NP)
    • 23 cm.
490 -Strefa serii i książki wielotomowej - forma nie do wyszukiwania [1, ]
    • a
    • Tytuł (P)
    • Hachette Éducation. Nouvellees approches. Find
830 -Hasło dodatkowe serii i opisu książki wielotomowej - tytuł ujednolicony/tytuł [ ,0]
    • 9
    • KHW
    • 515661
    • a
    • Tytuł ujednolicony/tytuł (NP)
    • Pédagogies pour Demain.
    • p
    • Nazwa części/podserii/sekcji (P)
    • Nouvelles Approches
    • x
    • ISSN
    • 1159-1919
080 -Uniwersalna Klasyfikacja Dziesiętna [ , ]
    • 2
    • Identyfikator wydania tablic
    • UDC-P058
    • 9
    • UKD
    • 3817
    • a
    • Symbol klasyfikacji
    • 37.013.74
    • b
    • Dopowiedzenie
    • Pedagogika porównawcza.
    • 4
    • UKD2
    • 7653
    • x
    • Poddział wspólny
    • =133.1
    • c
    • Dopowiedzenie poddz. wspólnego
    • =Język francuski.
080 -Uniwersalna Klasyfikacja Dziesiętna [ , ]
    • 2
    • Identyfikator wydania tablic
    • UDC-P058
    • 9
    • UKD
    • 3837
    • a
    • Symbol klasyfikacji
    • 37.015.3
    • b
    • Dopowiedzenie
    • Psychologia pedagogiczna. Psychologia wychowawcza.
    • 4
    • UKD2
    • 7653
    • x
    • Poddział wspólny
    • =133.1
    • c
    • Dopowiedzenie poddz. wspólnego
    • =Język francuski.
980 -Symbol UKD [ , ]
    • a
    • UKD
    • 37.013.74:37.015.3]=133.1
920 -ISBN [ , ]
    • a
    • ISBN
    • 2-01-170670-X Find
Numer inwentarzowy Lokalizacja Status udost. Sygnatura Data inwentaryzacji
A.8605BM1FR. Dydaktyka 092010-03-02